[Event "Nancy Rapid 19th"]
[Site "Nancy"]
[Date "2021.10.24"]
[Round "4"]
[White "Teichmann, Erik Oskar Michael"]
[Black "Kopylov, Michael"]
[Result "1-0"]
[WhiteElo "2236"]
[BlackElo "2379"]
[PlyCount "91"]
[EventDate "2021.10.24"]
[EventType "swiss (rapid)"]
[EventRounds "9"]
[EventCountry "FRA"]
[SourceTitle "CBM 204 Extra"]
[Source "ChessBase"]
[SourceDate "2021.11.30"]
[SourceVersion "1"]
[SourceVersionDate "2021.11.30"]
[SourceQuality "1"]

1. b4 e5 2. Bb2 Bxb4 3. Bxe5 Nf6 4. Nf3 0-0 5. e3 d5 6. c4 Re8 7. a3 Bd6 8. Bb2 c5 9. cxd5 Nxd5 10. Be2 Nc6 11. 0-0 Qb6 12. Qc2 f6 13. d3 Be6 14. Nbd2 Bf8 15. Ne4 Bf7 16. Rab1 Qa5 17. Nfd2 Rac8 18. Rfc1 Qd8 19. Qd1 b6 20. Nc4 Qd7 21. Ng3 Rcd8 22. Bf3 Nde7 23. Be2 Ng6 24. Qc2 Nge5 25. Nxe5 Nxe5 26. Rd1 Bg6 27. Bxe5 Rxe5 28. Rb3 c4 29. Rc3 cxd3 30. Bxd3 Rd5 31. e4 Rd4 32. Ne2 Rd6 33. f3 Bf7 34. Nf4 Rd4 35. Nd5 Bc5 36. Rxc5 bxc5 37. Qxc5 Qa4 38. Rd2 Bxd5 39. exd5 R8xd5 40. Bc4 Qxc4 41. Qxc4 Rxd2 42. Qc8+ Rd8 43. Qe6+ Kf8 44. h4 R2d6 45. Qe4 h6 46. Kh2 1-0

[Event "Lyon rapid final"]
[Site "Lyon"]
[Date "2019.06.23"]
[Round "1"]
[White "Bauer, Christian"]
[Black "Teichmann, Erik Oskar Michael"]
[Result "1-0"]
[WhiteElo "2644"]
[BlackElo "2240"]
[PlyCount "73"]
[EventDate "2019.??.??"]
[EventType "k.o. (rapid)"]
[EventRounds "2"]
[EventCountry "FRA"]
[SourceTitle "EXT 2020"]
[Source "ChessBase"]
[SourceDate "2019.10.17"]
[SourceVersion "1"]
[SourceVersionDate "2019.10.17"]
[SourceQuality "1"]

1. d4 Nc6 2. d5 Ne5 3. e4 e6 4. dxe6 dxe6 5. Qxd8+ Kxd8 6. f4 Ng6 7. Nf3 Bc5 8. Nc3 Nf6 9. e5 Ng4 10. Ne4 Be3 11. h3 Bxc1 12. Rxc1 Ne3 13. g3 b6 14. Bd3 Bb7 15. Kf2 Nd5 16. a3 Ke8 17. Rhe1 Rd8 18. Rcd1 a6 19. h4 h6 20. h5 Nf8 21. c3 Nd7 22. Bc2 Ne7 23. Nd4 Nc6 24. Nb3 Ke7 25. g4 Ndb8 26. Ng3 Rxd1 27. Bxd1 Rd8 28. Bf3 Rd3 29. Be4 Rd7 30. g5 hxg5 31. fxg5 Nd8 32. h6 gxh6 33. gxh6 f5 34. h7 Nf7 35. Bxb7 c6 36. Nxf5+ exf5 37. e6 1-0

[Event "Lyon rapid final"]
[Site "Lyon"]
[Date "2019.06.23"]
[Round "1"]
[White "Teichmann, Erik Oskar Michael"]
[Black "Bauer, Christian"]
[Result "0-1"]
[WhiteElo "2240"]
[BlackElo "2644"]
[PlyCount "92"]
[EventDate "2019.??.??"]
[EventType "k.o. (rapid)"]
[EventRounds "2"]
[EventCountry "FRA"]
[SourceTitle "EXT 2020"]
[Source "ChessBase"]
[SourceDate "2019.10.17"]
[SourceVersion "1"]
[SourceVersionDate "2019.10.17"]
[SourceQuality "1"]

1. b4 d5 2. Bb2 Bg4 3. d3 e6 4. Nd2 Nf6 5. a3 c5 6. bxc5 Bxc5 7. Qc1 Nc6 8. Ngf3 Rc8 9. e3 Bd6 10. Be2 e5 11. Qd1 0-0 12. Nh4 Be6 13. 0-0 d4 14. e4 g6 15. g3 Nd7 16. Bg4 Nc5 17. Bxe6 Nxe6 18. Nc4 Be7 19. Ng2 b5 20. Nd2 Nc5 21. Bc1 Na4 22. Nb3 Nc3 23. Qe1 a5 24. Bh6 Re8 25. f4 a4 26. Nd2 Bf8 27. Bxf8 Rxf8 28. Nf3 f6 29. Qd2 Qe7 30. fxe5 fxe5 31. Qh6 b4 32. axb4 Nxb4 33. Qd2 Nca2 34. Nfe1 Rxf1+ 35. Kxf1 Rf8+ 36. Kg1 Qf7 37. h4 Nc3 38. Kh2 Nc6 39. Qg5 Qf6 40. Qg4 h5 41. Qd7 Rf7 42. Qc8+ Kg7 43. Qa8 Ne2 44. c4 Qf2 45. Nc2 Qxg3+ 46. Kh1 Qh3# 0-1

[Event "Barcelona Sant Marti op-A 18th"]
[Site "Barcelona"]
[Date "2016.07.20"]
[Round "8"]
[White "Teichmann, Erik Oskar Michael"]
[Black "Garcia Ramos, Daniel"]
[Result "1/2-1/2"]
[WhiteElo "2312"]
[BlackElo "2195"]
[PlyCount "73"]
[EventDate "2016.07.13"]
[EventType "swiss"]
[EventRounds "9"]
[EventCountry "ESP"]
[SourceTitle "CBM 173 Extra"]
[Source "ChessBase"]
[SourceDate "2016.08.29"]
[SourceVersion "1"]
[SourceVersionDate "2016.08.29"]
[SourceQuality "1"]

1. b4 e6 2. Bb2 Nf6 3. b5 d5 4. Nf3 a6 5. a4 Be7 6. e3 0-0 7. c4 axb5 8. axb5 Rxa1 9. Bxa1 b6 10. cxd5 Nxd5 11. Be2 Bb7 12. 0-0 Nd7 13. d4 c5 14. bxc6 Bxc6 15. Nc3 Nxc3 16. Bxc3 b5 17. Qb1 Qb6 18. Bb4 Bxb4 19. Qxb4 Qb7 20. Rc1 h6 21. h3 Nf6 22. Qd6 Bd5 23. Qb4 Bc6 24. Ne1 Nd5 25. Qd6 Rc8 26. Nd3 b4 27. Nc5 Qa8 28. Ba6 Rd8 29. Qe5 Nc3 30. Bf1 Bd5 31. Qc7 Rc8 32. Qb6 Qa3 33. Re1 b3 34. e4 Ba8 35. Nxb3 Nxe4 36. Bd3 Qd6 37. Qxd6 1/2-1/2

[Event "Barcelona Sant Marti op-A 18th"]
[Site "Barcelona"]
[Date "2016.07.18"]
[Round "6"]
[White "Teichmann, Erik Oskar Michael"]
[Black "Sanchez Jerez, Emilio Miguel"]
[Result "0-1"]
[WhiteElo "2312"]
[BlackElo "2201"]
[PlyCount "80"]
[EventDate "2016.07.13"]
[EventType "swiss"]
[EventRounds "9"]
[EventCountry "ESP"]
[SourceTitle "CBM 173 Extra"]
[Source "ChessBase"]
[SourceDate "2016.08.29"]
[SourceVersion "1"]
[SourceVersionDate "2016.08.29"]
[SourceQuality "1"]

1. b4 Nf6 2. Bb2 g6 3. c4 Bg7 4. Nf3 0-0 5. e3 d6 6. Be2 e5 7. d4 e4 8. Nfd2 h5 9. Nc3 Re8 10. h3 h4 11. Qc2 Bf5 12. g4 hxg3 13. fxg3 Nh5 14. Bxh5 gxh5 15. Nd5 Nd7 16. Nf4 Qg5 17. 0-0-0 a5 18. b5 c5 19. Nxh5 Qxh5 20. g4 Qg5 21. gxf5 Qxe3 22. Rhe1 Qh6 23. Kb1 e3 24. Nf3 Qf4 25. Qg2 Qxf5+ 26. Ka1 Re6 27. Qe2 Rae8 28. Rf1 Qh5 29. Rg1 Rg6 30. Rxg6 fxg6 31. Rd3 Bh6 32. dxc5 Rf8 33. Qg2 Rxf3 34. Rxd6 Nf8 35. a3 Qf5 36. c6 a4 37. Ka2 bxc6 38. bxc6 Rf2 39. Qd5+ Qxd5 40. Rxd5 Bg7 0-1

[Event "Barbera del Valles op 39th"]
[Site "Barbera del Valles"]
[Date "2016.07.09"]
[Round "6"]
[White "Herrera Reyes, Jose Antonio"]
[Black "Teichmann, Erik Oskar Michael"]
[Result "0-1"]
[WhiteElo "2253"]
[BlackElo "2312"]
[PlyCount "56"]
[EventDate "2016.07.04"]
[EventType "swiss"]
[EventRounds "9"]
[EventCountry "ESP"]
[SourceTitle "EXT 2017"]
[Source "ChessBase"]
[SourceDate "2016.10.25"]
[SourceVersion "1"]
[SourceVersionDate "2016.10.25"]
[SourceQuality "1"]

1. e4 Nc6 2. Nf3 d6 3. d3 e5 4. g3 Be7 5. Bg2 f5 6. c3 Nf6 7. 0-0 fxe4 8. dxe4 0-0 9. Ng5 Kh8 10. f4 exf4 11. Bxf4 h6 12. Nf3 Nxe4 13. Nh4 Bxh4 14. Bxe4 Qe8 15. Nd2 Bh3 16. Rf2 Be7 17. Qc2 Qd7 18. Nc4 d5 19. Rd1 Bc5 20. Be3 Rxf2 21. Bxf2 Bxf2+ 22. Kh1 Rf8 23. Bxd5 Nd4 24. Qe4 Nc6 25. Rc1 Qf5 26. Qxf5 Bxf5 27. Kg2 Bd3 28. Nd2 Be3 0-1

[Event "Barbera del Valles op 39th"]
[Site "Barbera del Valles"]
[Date "2016.07.07"]
[Round "4"]
[White "Nadal Fajardo, Ricard"]
[Black "Teichmann, Erik Oskar Michael"]
[Result "0-1"]
[WhiteElo "1900"]
[BlackElo "2312"]
[PlyCount "84"]
[EventDate "2016.07.04"]
[EventType "swiss"]
[EventRounds "9"]
[EventCountry "ESP"]
[SourceTitle "EXT 2017"]
[Source "ChessBase"]
[SourceDate "2016.10.25"]
[SourceVersion "1"]
[SourceVersionDate "2016.10.25"]
[SourceQuality "1"]

1. d4 Nf6 2. Nf3 d6 3. c4 Bg4 4. g3 Bxf3 5. exf3 e6 6. Bg2 d5 7. Qb3 Nc6 8. Be3 Qd7 9. cxd5 Qxd5 10. Qxd5 Bb4+ 11. Ke2 Nxd5 12. f4 0-0-0 13. Rd1 Nce7 14. Nd2 Bxd2 15. Rxd2 Nf5 16. a3 Rd7 17. Rad1 Rhd8 18. Bf3 c6 19. Rd3 Kb8 20. Bd2 Nc7 21. Bc3 Nb5 22. d5 Nxc3+ 23. bxc3 cxd5 24. c4 d4 25. g4 Ne7 26. Bh1 Ng6 27. Kf3 e5 28. f5 Nf4 29. Rb3 Rc8 30. Ke4 f6 31. Rc1 Rc5 32. Bf3 Rdc7 33. Rb4 a5 34. Rb6 Rxc4 35. Rxc4 Rxc4 36. g5 Rc6 37. gxf6 gxf6 38. Rb1 Rd6 39. a4 Ka7 40. h4 Rd7 41. h5 Nh3 42. Be2 d3 0-1

[Event "Begonia op 50th"]
[Site "Ballarat"]
[Date "2016.03.14"]
[Round "7"]
[White "Cheng, Bobby Sky"]
[Black "Teichmann, Erik Oskar Michael"]
[Result "1-0"]
[WhiteElo "2436"]
[BlackElo "2312"]
[PlyCount "81"]
[EventDate "2016.03.12"]
[EventType "swiss"]
[EventRounds "7"]
[EventCountry "AUS"]
[SourceTitle "CBM 171 Extra"]
[Source "ChessBase"]
[SourceDate "2016.04.26"]
[SourceVersion "1"]
[SourceVersionDate "2016.04.26"]
[SourceQuality "1"]

1. d4 d5 2. c4 Nc6 3. Nf3 Bg4 4. Nc3 e6 5. Bf4 Bb4 6. e3 Nf6 7. Rc1 0-0 8. Bg5 Be7 9. cxd5 Nxd5 10. Bxe7 Ndxe7 11. Be2 Qd7 12. 0-0 Rad8 13. a3 Qc8 14. h3 Bh5 15. b4 Nd5 16. Qb3 f6 17. Nxd5 exd5 18. Rc3 Ne7 19. b5 c6 20. Rb1 Bg6 21. Rbc1 Qe6 22. bxc6 bxc6 23. Qa4 Rd7 24. Nd2 Rc7 25. Nb3 Be8 26. Nc5 Qd6 27. Rb3 f5 28. Qa5 Bf7 29. Rcb1 Nc8 30. Rb7 Rxb7 31. Nxb7 Qg6 32. Bd3 Qf6 33. Nc5 Be8 34. g3 h5 35. Rb8 Nd6 36. Qd8 Qh6 37. Qe7 h4 38. Ne6 Rf6 39. Rxe8+ Nxe8 40. Qxe8+ Kh7 41. Nf8+ 1-0

[Event "Begonia op 50th"]
[Site "Ballarat"]
[Date "2016.03.14"]
[Round "6"]
[White "Teichmann, Erik Oskar Michael"]
[Black "Smirnov, Anton"]
[Result "1-0"]
[WhiteElo "2312"]
[BlackElo "2464"]
[PlyCount "149"]
[EventDate "2016.03.12"]
[EventType "swiss"]
[EventRounds "7"]
[EventCountry "AUS"]
[SourceTitle "CBM 171 Extra"]
[Source "ChessBase"]
[SourceDate "2016.04.26"]
[SourceVersion "1"]
[SourceVersionDate "2016.04.26"]
[SourceQuality "1"]

1. b4 d5 2. Bb2 Qd6 3. a3 e5 4. e3 Nd7 5. Nf3 e4 6. Nd4 a5 7. c4 dxc4 8. Bxc4 Ne5 9. Qc2 Nxc4 10. Qxc4 c6 11. b5 c5 12. Ne2 f5 13. Nf4 Nf6 14. d3 exd3 15. 0-0 Qe7 16. Nc3 Qf7 17. Ncd5 Nxd5 18. Nxd5 Bd6 19. Qxd3 Be6 20. Nf4 Bxf4 21. exf4 0-0 22. Rfe1 Rfe8 23. Qd6 Rac8 24. Re3 Qd7 25. Qb6 a4 26. Qa5 Bc4 27. Rg3 Re7 28. b6 Rd8 29. h3 Qd2 30. Bc3 Qd6 31. Qxa4 Bd5 32. Qc2 Be4 33. Qb2 Rdd7 34. Bf6 Rf7 35. Be5 Qd2 36. Qxd2 Rxd2 37. Rc1 Bc6 38. Rxc5 Rd1+ 39. Kh2 Rb1 40. Ra5 h6 41. Ra8+ Kh7 42. Bd4 Rd7 43. Rd8 Re7 44. Re3 Rf7 45. Re5 Rd1 46. Ra5 Re7 47. Bf6 Ree1 48. Rxd1 Rxd1 49. Be5 Rd2 50. Rc5 Ba4 51. Rc4 Bb5 52. Rc7 Rd7 53. Rc5 Ba4 54. Rc4 Bb5 55. Rb4 Ba6 56. Ra4 Bb5 57. Ra7 Bc6 58. Ra8 Re7 59. a4 Re8 60. Ra7 Rd8 61. a5 Rd2 62. Kg3 Rd3+ 63. f3 Ra3 64. Ra8 Ra2 65. Rc8 Bb5 66. Rc7 Kg6 67. Kh4 h5 68. Rxb7 Kh6 69. Rxg7 Bc6 70. Rc7 Bd5 71. Rd7 Ba8 72. b7 Bxb7 73. Rxb7 Rxg2 74. Rb2 Rg8 75. a6 1-0

[Event "Begonia op 45th"]
[Site "Ballarat"]
[Date "2011.03.12"]
[Round "5"]
[White "Guo, Emma"]
[Black "Teichmann, Erik Oskar Michael"]
[Result "0-1"]
[WhiteElo "2002"]
[BlackElo "2367"]
[PlyCount "72"]
[EventDate "2011.03.12"]
[EventType "swiss"]
[EventRounds "7"]
[EventCountry "AUS"]
[SourceTitle "EXT 2013"]
[Source "ChessBase"]
[SourceDate "2012.11.22"]
[SourceVersion "1"]
[SourceVersionDate "2012.11.22"]
[SourceQuality "1"]

1. d4 f5 2. e3 Nf6 3. f4 b6 4. Bd3 Bb7 5. Nf3 g6 6. h4 e6 7. c4 Bg7 8. Nc3 d6 9. b3 Nbd7 10. Bb2 Qe7 11. Qe2 0-0-0 12. 0-0-0 e5 13. Bb1 exf4 14. exf4 Qxe2 15. Nxe2 Ng4 16. Rde1 Ne3 17. Rhg1 Nxg2 18. Rxg2 Bxf3 19. Rg3 Bxe2 20. Rxe2 Bh6 21. Rf3 Rhe8 22. Kd1 Nf6 23. Bc1 Ng4 24. h5 Rxe2 25. Kxe2 Re8+ 26. Kd1 Bg7 27. hxg6 hxg6 28. Bb2 Rh8 29. Bc3 Rh1+ 30. Kc2 c5 31. dxc5 Bxc3 32. Rxc3 bxc5 33. Rf3 Kd7 34. Kb2 Ke6 35. a3 a5 36. Bc2 Re1 0-1

[Event "Begonia op 45th"]
[Site "Ballarat"]
[Date "2011.03.12"]
[Round "6"]
[White "Teichmann, Erik Oskar Michael"]
[Black "Nemeth, Janos2222"]
[Result "0-1"]
[WhiteElo "2367"]
[BlackElo "2076"]
[PlyCount "80"]
[EventDate "2011.03.12"]
[EventType "swiss"]
[EventRounds "7"]
[EventCountry "AUS"]
[SourceTitle "EXT 2013"]
[Source "ChessBase"]
[SourceDate "2012.11.22"]
[SourceVersion "1"]
[SourceVersionDate "2012.11.22"]
[SourceQuality "1"]

1. d4 Nf6 2. Bg5 c5 3. Bxf6 gxf6 4. d5 Qb6 5. Qc1 Bh6 6. e3 d6 7. Ne2 f5 8. Nd2 Bg7 9. c3 Nd7 10. Qc2 Nf6 11. Nf4 e5 12. dxe6 fxe6 13. Nc4 Qc7 14. Qa4+ Kf7 15. Qd1 d5 16. Nd2 Bd7 17. Nf3 Rab8 18. a4 c4 19. Ng5+ Ke7 20. Qf3 Qb6 21. Rb1 Ng4 22. Be2 Bxc3+ 23. Kf1 Bf6 24. h4 Ne5 25. Qh5 h6 26. Ngxe6 Bxe6 27. g3 c3 28. Kg2 c2 29. Rbc1 Rbc8 30. Bd3 Nxd3 31. Nxd3 Bf7 32. Qe2 Qb3 33. Qd2 Rhd8 34. Rhe1 Rc4 35. Kh2 Bxb2 36. Nxb2 Qxb2 37. e4 Rxe4 38. Qxh6 Qe5 39. Qg5+ Kd7 40. Rxe4 Qxe4 0-1

[Event "Begonia op 45th"]
[Site "Ballarat"]
[Date "2011.03.12"]
[Round "2"]
[White "Teichmann, Erik Oskar Michael"]
[Black "Stojic, Svetozar"]
[Result "0-1"]
[WhiteElo "2367"]
[BlackElo "2013"]
[PlyCount "130"]
[EventDate "2011.03.12"]
[EventType "swiss"]
[EventRounds "7"]
[EventCountry "AUS"]
[SourceTitle "EXT 2013"]
[Source "ChessBase"]
[SourceDate "2012.11.22"]
[SourceVersion "1"]
[SourceVersionDate "2012.11.22"]
[SourceQuality "1"]

1. b4 e5 2. Bb2 d6 3. c4 Be7 4. e3 Nf6 5. Nc3 0-0 6. Nf3 Re8 7. d4 e4 8. Nd2 d5 9. Qb3 c6 10. a4 Be6 11. Be2 Nbd7 12. h3 Nf8 13. b5 h5 14. g4 hxg4 15. hxg4 Bxg4 16. cxd5 Bxe2 17. Kxe2 cxd5 18. Rag1 Qd6 19. Rg5 Rad8 20. Na2 Qe6 21. Ba3 Bxa3 22. Qxa3 a6 23. Nc3 Qd6 24. Qb3 axb5 25. axb5 Ne6 26. Rg3 Ra8 27. Rgh3 Kf8 28. Na4 Nd7 29. Nb1 Ke7 30. Nbc3 Nf6 31. f3 Rec8 32. fxe4 dxe4 33. Rf1 Ng5 34. Rh4 Rxa4 35. Nxa4 Nf3 36. Rhh1 Qxd4 37. Qa3+ Qd6 38. Qxd6+ Kxd6 39. Rd1+ Ke5 40. Rc1 Ra8 41. Rc5+ Ke6 42. Rc4 g5 43. Nc5+ Kd5 44. Rc2 g4 45. Rd1+ Ke5 46. Kf2 Rh8 47. Rdc1 b6 48. Nb3 Rh2+ 49. Kf1 Rh1+ 50. Kg2 Rh2+ 51. Kf1 g3 52. Rxh2 gxh2 53. Kg2 Ng4 54. Rc8 Nxe3+ 55. Kh1 Nf1 56. Rg8 Kf4 57. Nc5 e3 58. Nd3+ Ke4 59. Ne1 Nxe1 60. Rg4+ Kf3 61. Rf4+ Ke2 62. Rf2+ Kd1 63. Rxf1 e2 64. Rxf7 Nd3 65. Kxh2 e1Q 0-1

[Event "Melbourne Cup"]
[Site "Melbourne"]
[Date "2010.11.01"]
[Round "7"]
[White "Lester, George E"]
[Black "Teichmann, Erik Oskar Michael"]
[Result "1/2-1/2"]
[WhiteElo "1846"]
[BlackElo "2329"]
[PlyCount "92"]
[EventDate "2010.10.29"]
[EventType "swiss"]
[EventRounds "9"]
[EventCountry "AUS"]
[SourceTitle "EXT 2012"]
[Source "ChessBase"]
[SourceDate "2011.11.24"]
[SourceVersion "1"]
[SourceVersionDate "2011.11.24"]
[SourceQuality "1"]

1. d4 f5 2. g3 Nf6 3. Bg2 e6 4. c4 d5 5. Nh3 c6 6. 0-0 Be7 7. Nd2 0-0 8. Nf3 Nbd7 9. Nf4 Nb8 10. Ng5 Re8 11. Ngxe6 Bxe6 12. Nxe6 Qd7 13. cxd5 cxd5 14. Nf4 Nc6 15. e3 Rad8 16. Bd2 Bf8 17. Qa4 Qf7 18. Qb5 Ne4 19. Rfd1 Rd6 20. Rac1 g5 21. Nd3 Bg7 22. Bc3 h5 23. Ne5 Nxe5 24. dxe5 Bxe5 25. Bxe5 Rxe5 26. Rc8+ Kg7 27. Rdc1 Re7 28. Qa4 a6 29. Qd4+ Nf6 30. h4 gxh4 31. Qxh4 Rdd7 32. Bh3 Qg6 33. Qf4 Ng4 34. R1c7 Rxc7 35. Rxc7 Rxc7 36. Qxc7+ Qf7 37. Qxf7+ Kxf7 38. Kf1 Ke6 39. Ke2 b6 40. f3 Nf6 41. Kd3 Nd7 42. Kd4 Ne5 43. Bg2 Nc6+ 44. Kc3 Ne5 45. Kd4 Nc6+ 46. Kc3 Ne5 1/2-1/2

[Event "Adelaide Lidums op"]
[Site "Adelaide"]
[Date "2010.07.04"]
[Round "6"]
[White "Johansen, Darryl Keith"]
[Black "Teichmann, Erik Oskar Michael"]
[Result "1-0"]
[WhiteElo "2330"]
[BlackElo "2321"]
[PlyCount "70"]
[EventDate "2010.07.03"]
[EventType "swiss"]
[EventRounds "7"]
[EventCountry "AUS"]
[SourceTitle "EXT 2018"]
[Source "ChessBase"]
[SourceDate "2017.10.13"]
[SourceVersion "1"]
[SourceVersionDate "2017.10.13"]
[SourceQuality "1"]

1. d4 Nf6 2. c4 Nc6 3. Nf3 d6 4. g3 Bg4 5. Bg2 e5 6. d5 Ne7 7. Nc3 g6 8. e4 Bg7 9. 0-0 0-0 10. Qc2 Nh5 11. Ne1 Bd7 12. Qd1 Qe8 13. Nd3 f5 14. a4 a6 15. c5 Nf6 16. f3 Rd8 17. Qb3 Bc8 18. cxd6 cxd6 19. Be3 Kh8 20. Rac1 Neg8 21. Rce1 fxe4 22. fxe4 Bh6 23. Bb6 Rd7 24. Qb4 Ng4 25. Nd1 Bg7 26. Ne3 h5 27. Nc4 Qe7 28. h3 N4h6 29. Be3 Nf7 30. Rc1 Bh6 31. Bxh6 Ngxh6 32. Nb6 Rdd8 33. Qd2 Kg7 34. Rc3 Rfe8 35. Qc1 Qf8 1-0

[Event "Sydney op"]
[Site "Parramatta"]
[Date "2010.04.11"]
[Round "9"]
[White "Teichmann, Erik Oskar Michael"]
[Black "Steadman, Michael VR"]
[Result "1-0"]
[WhiteElo "2325"]
[BlackElo "2264"]
[PlyCount "59"]
[EventDate "2010.04.07"]
[EventType "swiss"]
[EventRounds "9"]
[EventCountry "AUS"]
[SourceTitle "CBM 135 Extra"]
[Source "ChessBase"]
[SourceDate "2010.05.04"]
[SourceVersion "1"]
[SourceVersionDate "2010.05.04"]
[SourceQuality "1"]

1. b4 e5 2. Bb2 Bxb4 3. Bxe5 Nf6 4. c4 Nc6 5. Bb2 0-0 6. e3 Re8 7. Nf3 d5 8. a3 Ba5 9. cxd5 Nxd5 10. Be2 Bf5 11. 0-0 Qe7 12. Qa4 a6 13. Nd4 Nxd4 14. Qxd4 Nf6 15. Nc3 c5 16. Qf4 Qd7 17. Bf3 Bc7 18. Qh4 Qxd2 19. Na4 Ne4 20. Rac1 Bd8 21. Qf4 Bg6 22. h4 h5 23. Rc4 Qd3 24. Rfc1 Rc8 25. Nxc5 Nxc5 26. Rxc5 Rxc5 27. Rxc5 Qb1+ 28. Bc1 Be7 29. Rc3 Bxa3 30. Qa4 1-0

[Event "Sydney op"]
[Site "Parramatta"]
[Date "2010.04.07"]
[Round "1"]
[White "Teichmann, Erik Oskar Michael"]
[Black "Chen, Pengyu"]
[Result "1-0"]
[WhiteElo "2325"]
[BlackElo "1934"]
[PlyCount "59"]
[EventDate "2010.04.07"]
[EventType "swiss"]
[EventRounds "9"]
[EventCountry "AUS"]
[SourceTitle "CBM 135 Extra"]
[Source "ChessBase"]
[SourceDate "2010.05.04"]
[SourceVersion "1"]
[SourceVersionDate "2010.05.04"]
[SourceQuality "1"]

1. b4 c6 2. c4 d5 3. e3 e5 4. Bb2 Nd7 5. b5 Ngf6 6. Nf3 Bd6 7. Nc3 0-0 8. bxc6 bxc6 9. cxd5 cxd5 10. Nb5 Bb8 11. Ba3 Re8 12. Qc2 a6 13. Nd6 Bxd6 14. Bxd6 Bb7 15. Qb2 Ne4 16. Qxb7 Nxd6 17. Qxd5 Nf6 18. Qc6 e4 19. Nd4 Ng4 20. Be2 Ne5 21. Qd5 Qf6 22. 0-0 Rad8 23. Nc6 Nxc6 24. Qxc6 Re6 25. Qxa6 Qh4 26. Qa5 Nb7 27. Qc7 Rh6 28. h3 Nd6 29. Rab1 Rg6 30. Rb8 1-0

[Event "Doeberl Cup 48th"]
[Site "Canberra"]
[Date "2010.04.02"]
[Round "4"]
[White "Johansen, Darryl Keith"]
[Black "Teichmann, Erik Oskar Michael"]
[Result "1/2-1/2"]
[WhiteElo "2477"]
[BlackElo "2327"]
[PlyCount "69"]
[EventDate "2010.04.01"]
[EventType "swiss"]
[EventRounds "9"]
[EventCountry "AUS"]
[SourceTitle "CBM 135 Extra"]
[Source "ChessBase"]
[SourceDate "2010.05.04"]
[SourceVersion "1"]
[SourceVersionDate "2010.05.04"]
[SourceQuality "1"]

1. e4 Nc6 2. Nf3 d6 3. d4 Nf6 4. Nc3 Bg4 5. Be3 e5 6. Bb5 Nd7 7. Bxc6 bxc6 8. h3 Bxf3 9. Qxf3 Be7 10. 0-0 0-0 11. Rfd1 Bg5 12. Rab1 Bxe3 13. Qxe3 Qh4 14. Qe2 exd4 15. Rxd4 Nc5 16. Rc4 Rae8 17. b4 Ne6 18. Qg4 Qxg4 19. hxg4 c5 20. bxc5 Nxc5 21. f3 Rb8 22. Rxb8 Rxb8 23. e5 Kf8 24. Nd5 Rb7 25. Kf2 Ke8 26. exd6 cxd6 27. Rb4 Rxb4 28. Nxb4 Kd7 29. Ke3 Ne6 30. Ke4 Nc5+ 31. Kd5 Ne6 32. g3 Nc7+ 33. Ke4 Nb5 34. Nd5 Kc6 35. c4 1/2-1/2

[Event "Doeberl Cup 48th"]
[Site "Canberra"]
[Date "2010.04.02"]
[Round "3"]
[White "Teichmann, Erik Oskar Michael"]
[Black "Jones, Gawain C B"]
[Result "1-0"]
[WhiteElo "2327"]
[BlackElo "2554"]
[PlyCount "117"]
[EventDate "2010.04.01"]
[EventType "swiss"]
[EventRounds "9"]
[EventCountry "AUS"]
[SourceTitle "CBM 135 Extra"]
[Source "ChessBase"]
[SourceDate "2010.05.04"]
[SourceVersion "1"]
[SourceVersionDate "2010.05.04"]
[SourceQuality "1"]

1. b4 e5 2. Bb2 Bxb4 3. Bxe5 Nf6 4. Nf3 0-0 5. e3 d5 6. Be2 c5 7. 0-0 Nc6 8. Bb2 d4 9. Na3 Re8 10. Re1 dxe3 11. fxe3 Ne4 12. Nc4 Na5 13. c3 Nxc4 14. Bxc4 Ba5 15. d3 Nd6 16. Bd5 Be6 17. Qb3 Qc7 18. Bxe6 Rxe6 19. Qd5 Rae8 20. e4 c4 21. e5 cxd3 22. exd6 Qb6+ 23. Kh1 Rxe1+ 24. Nxe1 Qxb2 25. d7 Rf8 26. Rd1 Qxc3 27. Nxd3 Bb6 28. Ne5 Qc7 29. Rf1 Qc5 30. Qxc5 Bxc5 31. Rc1 Be7 32. Rc8 f5 33. Nc4 b5 34. Na5 Bf6 35. Nc6 a6 36. Kg1 g6 37. Kf2 Kg7 38. Rxf8 Kxf8 39. Ke3 h5 40. d8Q+ Bxd8 41. Nxd8 Ke7 42. Nb7 h4 43. Kd4 Kf6 44. Nc5 a5 45. Nd3 b4 46. Kc4 f4 47. Nxf4 Kf5 48. Nxg6 Kxg6 49. Kb5 Kf5 50. Kxa5 Ke4 51. Kxb4 Ke3 52. a4 Kf2 53. a5 Kxg2 54. a6 Kxh2 55. a7 h3 56. a8Q Kg1 57. Qa1+ Kg2 58. Qb2+ Kh1 59. Qf2 1-0

[Event "Begonia op 43rd"]
[Site "Ballarat"]
[Date "2009.03.09"]
[Round "7"]
[White "Sandler, Leonid"]
[Black "Teichmann, Erik Oskar Michael"]
[Result "0-1"]
[WhiteElo "2188"]
[BlackElo "2240"]
[PlyCount "116"]
[EventDate "2009.03.07"]
[EventType "swiss"]
[EventRounds "7"]
[EventCountry "AUS"]
[SourceTitle "EXT 2013"]
[Source "ChessBase"]
[SourceDate "2012.11.22"]
[SourceVersion "1"]
[SourceVersionDate "2012.11.22"]
[SourceQuality "1"]

1. Nf3 Nc6 2. c4 e5 3. Nc3 f5 4. d3 Nf6 5. g3 Bb4 6. Bd2 0-0 7. Bg2 d6 8. 0-0 Bxc3 9. Bxc3 Qe8 10. b4 Qh5 11. b5 Nd8 12. e3 f4 13. exf4 Bg4 14. h3 Bxh3 15. Bxh3 Qxh3 16. Ng5 Qf5 17. fxe5 dxe5 18. Nf3 Nf7 19. Nh4 Qh3 20. Qf3 Nd6 21. Qg2 Qe6 22. Nf3 Ng4 23. Rae1 Nf7 24. Re4 Qf5 25. Rfe1 Nd6 26. Rxg4 Qxg4 27. Nxe5 Qf5 28. f4 Rad8 29. a4 Nf7 30. Qe4 Nxe5 31. Bxe5 Rxd3 32. Qxf5 Rxf5 33. Kg2 Rf7 34. a5 Re7 35. b6 cxb6 36. axb6 axb6 37. Rb1 Re6 38. Ra1 Rc6 39. Ra7 Rd7 40. Ra4 Kf7 41. Kf3 h5 42. f5 Rc5 43. Bf4 Rxf5 44. Rb4 Rf6 45. Ke4 Re7+ 46. Kd5 h4 47. Rb1 g5 48. Bb8 h3 49. g4 Rf2 50. Rxb6 Rd2+ 51. Kc5 Kg7 52. Rb3 h2 53. Rh3 Ree2 54. Rh5 Kg6 55. Rh8 Rg2 56. Rh3 Rc2 57. Kb6 Rxg4 58. Bxh2 Rh4 0-1

[Event "Begonia op 43rd"]
[Site "Ballarat"]
[Date "2009.03.09"]
[Round "6"]
[White "Teichmann, Erik Oskar Michael"]
[Black "Goldenberg, Igor"]
[Result "1/2-1/2"]
[WhiteElo "2240"]
[BlackElo "2376"]
[PlyCount "40"]
[EventDate "2009.03.07"]
[EventType "swiss"]
[EventRounds "7"]
[EventCountry "AUS"]
[SourceTitle "EXT 2013"]
[Source "ChessBase"]
[SourceDate "2012.11.22"]
[SourceVersion "1"]
[SourceVersionDate "2012.11.22"]
[SourceQuality "1"]

1. Nf3 Nf6 2. g3 d5 3. Bg2 c6 4. 0-0 Bf5 5. b3 h6 6. Bb2 e6 7. d3 Nbd7 8. Nbd2 Be7 9. e3 0-0 10. Qe2 Bg6 11. e4 dxe4 12. dxe4 a5 13. a4 Qc7 14. Kh1 Bh7 15. Nd4 Rfe8 16. f4 Bc5 17. e5 Nd5 18. Be4 Rf8 19. Bxh7+ Kxh7 20. Rf3 Rad8 1/2-1/2